Historical figures by picture - Statistics

General Stats
  • This quiz has been taken 77 times
  • The average score is 9 of 16
Answer Stats
Picture Answer % Correct
Albert Einstein
100%
Martin Luther King jr
97%
Napoleon Bonaparte
94%
Princess Diana
91%
Anne Frank
88%
Che Guevara
87%
Marie Curie
84%
Karl Marx
80%
Christopher Columbus
74%
Anne Boleyn
68%
Agatha Christie
25%
Simone de Beauvoir
13%
Mr Worldwide
6%
Roald Amundsen
6%
Dmitrij Mendelejev
3%
Princess Taj al Saltaneh
3%
No matching quizzes found
Score Distribution
Percent of People with Each Score
Percentile by Number Answered
Your Score History
You have not taken this quiz